FoxBASE 2.10 Uživateľská príručka

Salvato in:
Dettagli Bibliografici
Autore principale: Svitek, Lubomír
Natura: Libro
Lingua:slovacco
Pubblicazione: Bratislava COOPEX 1990
Edizione:1. vyd.
Tags: Aggiungi Tag
Nessun Tag, puoi essere il primo ad aggiungerne!!

MARC

LEADER 00000nam a2200000 4500
001 c033524
005 20221215070610.8
041 0 |a slo 
044 |a SK 
245 1 0 |a FoxBASE 2.10  |b Uživateľská príručka  |c Lubomír Svitek 
250 |a 1. vyd. 
264 1 |a Bratislava  |b COOPEX  |c 1990 
300 |a 111 s. 
100 1 |a Svitek, Lubomír